000171108 001__ 171108
000171108 005__ 20260506144057.0
000171108 0248_ $$2sideral$$a79331
000171108 037__ $$aART-2006-79331
000171108 041__ $$amul
000171108 100__ $$0(orcid)0000-0002-6757-7598$$aRivero Gracia, María Pilar$$uUniversidad de Zaragoza
000171108 245__ $$aMuros de aire: auspicia, imperium y delimitación del espacio sagrado en tierras bárbaras
000171108 260__ $$c2006
000171108 540__ $$9info:eu-repo/semantics/closedAccess$$aAll rights reserved$$uhttp://www.europeana.eu/rights/rr-f/
000171108 655_4 $$ainfo:eu-repo/semantics/article$$vinfo:eu-repo/semantics/publishedVersion
000171108 7102_ $$14006$$2210$$aUniversidad de Zaragoza$$bDpto. Didác.Leng.y CC.HH.y SS.$$cÁrea Didáctica Ciencias Socia.
000171108 773__ $$g40 (2006), 397-406$$pCaesarodunum$$tCaesarodunum$$x0245-5196
000171108 8564_ $$s147726$$uhttps://zaguan.unizar.es/record/171108/files/texto_completo.pdf$$yVersión publicada
000171108 8564_ $$s2645828$$uhttps://zaguan.unizar.es/record/171108/files/texto_completo.jpg?subformat=icon$$xicon$$yVersión publicada
000171108 909CO $$ooai:zaguan.unizar.es:171108$$particulos$$pdriver
000171108 951__ $$a2026-05-06-13:58:51
000171108 980__ $$aARTICLE